Statistiken für Medizinische Beschwerden

Klicken Sie hier um das Quiz zu spielen!

Allgemein

  • Dieses Quiz wurde 508 mal gespielt
  • Das Durchschnittsergebnis liegt bei 11 aus 20

Antwortstatistiken

HintAntwort% Korrekt
Krankheit, die durch HIV ausgelöst wirdAIDS
88%
Häufigste Form der DemenzAlzheimer
85%
Das Unvermögen der Bauchspeicheldrüse, den Blutzuckerspiegel mit Insulin zu regulierenDiabetes
85%
Maßeinheit, die das Körpergewicht zur -größe ins Verhältnis setztBMI
79%
Neurologische Störung, die Krampfanfälle auslöstEpilepsie
77%
Tropische, durch Moskitos hervorgerrufene Krankheit, die 200 Millionen Menschen im Jahr befälltMalaria
77%
Schwere Kopfschmerzen, die von Übelkeit und Lichtempfindlichkeit begleitet werdenMigräne
77%
Gelbliche Haut, die unter anderem durch Leberleiden hervorgerufen wirdGelbsucht
74%
Blut- oder Knochenmarkkrebs, der Wachstum von weißen Blutzellen fördertLeukämie
66%
Durch Zecken übertragene Krankheit, die kreisförmigen Ausschlag, Fieber und andere Symptome auslöstBorreliose
56%
Krümmung der WirbelsäuleSkoliose
54%
"Krankheit der Könige", die durch hohe Harnsäurekonzentration im Blut ausgelöst wird und zu Gelenkschmerzen führtGicht
50%
Milde Form von AutismusAsperger-Syndrom
49%
Krankheit, die 1979 ausgerottet wurde und Pusteln, Narben und häufig den Tod auslöstePocken
47%
Störung, die sich durch Stimmungsschwankungen sowie das Abwechseln von Phasen hoher Energie und Depression kennzeichnetBipolare Störung
46%
Chronische GelenkentzündungArthritis
42%
Schmerzhafte, meist eitrige Entzündung der AugenliderdrüsenGerstenkorn
21%
Was ist bei einer Gingivitis entzündet?das Zahnfleisch
20%
Tödliche Krankheit, die Angst vor Wasser, Delirium und Hirnschwellungen auslöstTollwut
17%
Störung, bei der die Lesefähigkeit trotz gesunden Sehens gestört istDyslexie
10%

Verteilung der Resultate

Perzentil nach korrekt beantworteten Fragen

Anzahl Personen mit jedem Resultat

Ihre Resultats-Entwicklung

Sie haben dieses Quiz noch nicht gespielt